000 00727nam a2200229 4500
003 OSt
005 20240618034757.0
006 a
008 240618b |||||||| |||| 00| 0 eng d
020 _a139789812833907
040 _aDWCL-Main lib.
_cOC
082 _aCirc. 341.2473 M235a 2009
111 _aTommy Koh, Rosario G. Manalo, Walter Woon
245 _aThe making of the ASEAN Charter /
260 _aSingapore :
_bWorld Scientific Pub.,
_cc2009.
300 _axxvi,
_b214 p. : col. ill. ;
_c22 cm.
650 _a1. ASEAN History.
650 _a2. South Asian cooperation.
650 _a3. Southeast Asia–Economic policy.
711 _aTommy Koh, Rosario G. Manalo, Walter Woon
942 _2ddc
_n0
_cBK-CIRC
_kCirc.
999 _c811
_d811